<?xml version="1.0" encoding="UTF-8"?><?xml-stylesheet type="text/xsl" href="static/style.xsl"?><OAI-PMH xmlns="http://www.openarchives.org/OAI/2.0/" xmlns:xsi="http://www.w3.org/2001/XMLSchema-instance" xsi:schemaLocation="http://www.openarchives.org/OAI/2.0/ http://www.openarchives.org/OAI/2.0/OAI-PMH.xsd"><responseDate>2026-06-06T15:06:35Z</responseDate><request verb="GetRecord" identifier="oai:docta.ucm.es:20.500.14352/38085" metadataPrefix="marc">https://docta.ucm.es/rest/oai/request</request><GetRecord><record><header><identifier>oai:docta.ucm.es:20.500.14352/38085</identifier><datestamp>2023-09-12T12:30:45Z</datestamp><setSpec>com_20.500.14352_14</setSpec><setSpec>col_20.500.14352_22</setSpec></header><metadata><record xmlns="http://www.loc.gov/MARC21/slim" xmlns:dcterms="http://purl.org/dc/terms/" xmlns:xsi="http://www.w3.org/2001/XMLSchema-instance" xmlns:doc="http://www.lyncode.com/xoai" xsi:schemaLocation="http://www.loc.gov/MARC21/slim http://www.loc.gov/standards/marcxml/schema/MARC21slim.xsd">
   <leader>00925njm 22002777a 4500</leader>
   <datafield ind2=" " ind1=" " tag="042">
      <subfield code="a">dc</subfield>
   </datafield>
   <datafield ind2=" " ind1=" " tag="720">
      <subfield code="a">Rodao García, Florentino</subfield>
      <subfield code="e">author</subfield>
   </datafield>
   <datafield ind2=" " ind1=" " tag="260">
      <subfield code="c">2014-01-22</subfield>
   </datafield>
   <datafield ind2=" " ind1=" " tag="520">
      <subfield code="a">Esta tesis doctoral tiene como objetivo principal el estudio en profundidad y en su integridad de las relaciones entre España y Japón, con el contexto de la Guerra Civil y la II Guerra Mundial. Este periodo abrirá una nueva etapa en las relaciones entre estos dos estados distantes geográfica y políticamente hasta 1937, que en el proceso de creación de un Nuevo Orden Mundial por parte de los regímenes totalitarios, se descubren y colaboran gasta el final del segundo conflicto mundial. En esta investigación, para la que se han consultado archivos hasta ahora inaccesibles para los estudiosos españoles, se estudia de forma completa en seis capítulos las distintas fases en los procesos de acercamiento y distanciamiento entre Madrid y Tokio, y la manera en que esos procesos se vieron afectados tanto por los conflictos bélicos, como por hechos tales como la ...</subfield>
   </datafield>
   <datafield ind1="8" ind2=" " tag="024">
      <subfield code="a">https://hdl.handle.net/20.500.14352/38085</subfield>
   </datafield>
   <datafield ind2="0" ind1="0" tag="245">
      <subfield code="a">Relaciones hispano-japonesas, 1937-1945</subfield>
   </datafield>
</record></metadata></record></GetRecord></OAI-PMH>